[Event "White Nights Open"]
[Site "St Petersburg RUS"]
[Date "2000.07.02"]
[Round "9"]
[White "Shchukin,D"]
[Black "Nikolaev,N"]
[Result "1/2-1/2"]
[WhiteElo "2387"]
[BlackElo "2315"]

1.e4 c5 2.Nf3 Nc6 3.Bb5 Nf6 4.e5 Ng4 5.Bxc6 dxc6 6.O-O g6 7.Re1 Bg7 8.d3 O-O
9.h3 Nh6 10.a4 Be6 11.Nbd2 Qd7 12.b3 Nf5 13.Ne4 b6 14.Bb2 Nd4 15.Bxd4 cxd4
16.Neg5 Bd5 17.Nxd4 Bxg2 18.Qg4 Rad8 19.Qxd7 Rxd7 20.Nde6 fxe6 21.Kxg2 Rf5
22.f4 Rxf4 23.Nxe6 Rf5 24.Nxg7 Kxg7 25.Re4 g5 26.a5 b5 27.b4 Kg6 28.Ra3 Rc7
29.Rc3 Kf7 30.Rc5 Ke6 31.a6 Rf4 32.Rxf4 gxf4 33.Kf3 Kf5 34.c4 Rd7 35.e6+ Kxe6
36.Kxf4 Rxd3 37.Rxc6+ Kd7 38.cxb5 Rd4+ 39.Kf3 Rxb4 40.Rc5 Kd6 41.Rh5 Rc4
42.Rxh7 Rc3+ 43.Ke4 Rc4+ 44.Kd3 Rb4 45.Rh6+ Kd5 46.Rh5+ e5 47.Rh7 Rxb5 48.Kc2 Rb8
49.Rxa7 Rh8 50.Rd7+ Kc6 51.Rd3 Kb6 52.Ra3 Ka7 53.Kd2 e4 54.Ke2 e3 55.Rxe3 Kxa6
56.Rb3 Ka5 57.Kf2 Ka4 58.Rd3 Kb4 59.Kg3 Kc4 60.Rd1 Rg8+ 61.Kf4 Rh8 62.Kg4 Rg8+
63.Kf5 Rf8+ 64.Kg5 Rg8+ 65.Kf6 Rf8+ 66.Kg7 Rf4 67.Rd6 Kc5 68.Rf6 Re4 69.Rh6 Kd5
70.h4 Rg4+ 71.Kf6 Rf4+ 72.Kg5 Ke5 73.Rd6 Rf1 74.h5 Rg1+ 75.Kh6 Kf5 76.Kh7 Rh1
77.h6 Rg1 78.Kh8 Rg6 79.Rd5+ Kf6 80.h7 Kf7 81.Rd7+ Kf8 82.Rd8+ Kf7 83.Rg8 Ra6
84.Rg7+ Kf6 85.Rf7+  1/2-1/2

[Event "Australian Masters"]
[Site "Melbourne AUS"]
[Date "2000.07.04"]
[Round "11"]
[White "Levi,E"]
[Black "Solomon,SJ"]
[Result "1/2-1/2"]
[WhiteElo "2258"]
[BlackElo "2359"]

1.e4 c5 2.Nf3 Nc6 3.Bb5 g6 4.c3 Nf6 5.Qe2 Bg7 6.d4 d5 7.e5 Ne4 8.Nbd2 Bd7
9.Nxe4 dxe4 10.Qxe4 cxd4 11.Nxd4 Nxd4 12.Bxd7+ Qxd7 13.cxd4 Rd8 14.Be3 Qb5
15.O-O-O O-O 16.g4 Rd5 17.Kb1 Rfd8 18.Rc1 a5 19.Rc3 a4 20.Rhc1 e6 21.a3 Bf8
22.h4 Qe2 23.R3c2 Qa6 24.h5 Qb6 25.hxg6 hxg6 26.Qf3 Qb5 27.Bg5 Rxd4 28.Bxd8 Rxd8
29.Rc7 Rd7 30.Rxd7 Qxd7 31.Qe4 b5 32.f4 Bh6 33.Rh1 Bf8 34.f5 exf5 35.gxf5 Qxf5
36.Qxf5 gxf5 37.Rf1 b4 38.axb4 Bxb4 39.Ka2 Kf8 40.Rxf5 Ke7 41.Rf4 Bd2 42.Rd4 Be1
43.Rxa4 Ke6 44.Kb3 Kxe5 45.Kc2 f5 46.Kd3 Bf2 47.Ra5+ Ke6 48.b3 Be1 49.Rc5 Bf2
50.Rc2 Bg1 51.b4 Kd5 52.Rc8 f4 53.Rg8 Be3 54.Rg5+ Kd6 55.Rf5 Kc6 56.Kc4 Kd6
57.Rd5+ Ke6 58.Rd8 Bb6 59.Rf8 Be3 60.b5 Kd6 61.Rf5 Kc7 62.Rf6 Kb7 63.Re6 Kc7
64.Rg6 f3 65.Rf6 f2 66.Kd5 Kb7 67.Kc4 Kc7 68.Kb3 Kb7 69.Ka4 Bd4 70.Rf7+ Kb6
71.Rf3 Kc5 72.Ka5 Kd5 73.Ka6 Be3 74.b6 Ke4 75.Rxf2  1/2-1/2

[Event "Equitable Card Invitational"]
[Site "Quezon City PHI"]
[Date "2000.07.04"]
[Round "5"]
[White "Antonio,R"]
[Black "Wang Lei"]
[Result "1/2-1/2"]
[WhiteElo "2551"]
[BlackElo "2495"]

1.e4 c5 2.Nf3 Nc6 3.Bb5 d6 4.O-O Bd7 5.c3 Nf6 6.Re1 a6 7.Ba4 b5 8.Bc2 e5
9.h3 Be7 10.a4 O-O 11.d4 Qc7 12.d5 Na5 13.axb5 axb5 14.b3 Nb7 15.Rxa8 Rxa8
16.Nbd2 g6 17.Nf1 Nh5 18.Be3 f6 19.Bb1 Qa5 20.Bd2 c4 21.b4 Qa3 22.g4 Ng7
23.Qc2 Qa4 24.Qb2 Qa3 25.Qc2 Qa4 26.Qb2 Qa3  1/2-1/2

[Event "It"]
[Site "Techirghiol ROM"]
[Date "2000.07.08"]
[Round "6"]
[White "Nanu,C"]
[Black "Spulber,C"]
[Result "1/2-1/2"]
[WhiteElo "2342"]
[BlackElo "2352"]

1.e4 c5 2.Nf3 Nc6 3.Bb5 g6 4.O-O Bg7 5.Nc3 d6 6.e5 dxe5 7.Bxc6+ bxc6 8.Re1 Qc7
9.d3 Bg4 10.h3 Bxf3 11.Qxf3 Rb8 12.b3 Nf6 13.Ba3 Nd7 14.Na4 Rb5 15.c4 Ra5
16.Bb2 O-O 17.Bc3 Ra6 18.Re2 Qd6 19.Qe3 e6 20.Rae1 Rd8 21.h4 h5 22.Kh1 Qe7
23.g3 Kh7 24.Bb2 Qd6 25.Bc3 Qe7 26.Qf3 Qf6 27.Qe3 Qf5 28.Kg2 Bh6 29.Qe4 Bf8
30.Qxf5 gxf5 31.Bxe5 Nb6 32.Nc3 Rxd3 33.Rd1 Rxd1 34.Nxd1 Nd7 35.Bc7 Bg7 36.a4 Nf6
37.Nb2 Ne8 38.Bd8 Bf6 39.Bxf6 Nxf6 40.Nd3 Ne4 41.Ne5 Kg7 42.Kf3  1/2-1/2

[Event "29th ch-GRE Team"]
[Site "Athens GRE"]
[Date "2000.07.10"]
[Round "5"]
[White "Tzoumbas,A"]
[Black "Botsari,A"]
[Result "0-1"]
[WhiteElo "2352"]
[BlackElo "2317"]

1.e4 c5 2.Nf3 Nc6 3.Bb5 e6 4.b3 Nd4 5.Nxd4 cxd4 6.O-O Ne7 7.Bb2 a6 8.Bd3 Nc6
9.c3 Bc5 10.b4 Ba7 11.a4 Qh4 12.b5 dxc3 13.Bxc3 Nd4 14.Na3 O-O 15.bxa6 bxa6
16.Bb4 Rd8 17.Ba5 Rf8 18.Bb4 Rd8 19.Ba5 Rf8 20.Nc4 d5 21.exd5 exd5 22.Ne3 Be6
23.Rb1 Nc6 24.Bc7 f5 25.f4 Qe7 26.Bb6 Nb4 27.Bxa7 Rxa7 28.Qb3 a5 29.Rfe1 Rc7
30.g3 Qd6 31.Nd1 Bd7 32.Nf2 Kh8 33.Rbc1 Rxc1 34.Rxc1 Re8 35.Qc3 h6 36.Qc5 Qf6
37.Rb1 Rc8 38.Qa7 Bc6 39.Bf1 Ra8 40.Qc5 Bxa4 41.d4 Qc6 42.Nd3 Qxc5 43.Nxc5 Bc2
44.Ra1 a4 45.Ra3 Nc6 46.Kf2 Nxd4 47.Ke3 Nb3 48.Nxb3 Bxb3 49.Bb5 Ra7 50.Kd3 g6
51.Kc3 Kg7 52.Kb4 Kf6 53.Kc5 Rc7+ 54.Kb6 Rc2 55.Bxa4 Bxa4 56.Rxa4 Rxh2 57.Kc5 h5
58.Kxd5 Rh3 59.Ra3 Kg7 60.Ke5 Kh6 61.Kf6 h4 62.Ra8 Kh5 63.gxh4 Rxh4 64.Rg8 Rxf4
65.Rxg6 Rg4  0-1

[Event "Chesswise International"]
[Site "Stratton Mountain USA"]
[Date "2000.07.11"]
[Round "2"]
[White "Hoekstra,M"]
[Black "Burnett,R"]
[Result "1/2-1/2"]
[WhiteElo "2162"]
[BlackElo "2399"]

1.e4 c5 2.Nf3 Nc6 3.Bb5 g6 4.O-O Bg7 5.c3 d6 6.d4 Bd7 7.d5 Ne5 8.a4 Nxf3+
9.Qxf3 Nf6 10.Qe2 O-O 11.Bg5 h6 12.Bh4 g5 13.Bg3 Bg4 14.f3 Bh5 15.Bf2 g4
16.Nd2 gxf3 17.gxf3 Nd7 18.Qe3 Bg6 19.Kh1 f5 20.exf5 Bxf5 21.Rg1 Kh7 22.Rg3 Nf6
23.Bd3 Qd7 24.Rag1 Nh5 25.Rh3 Bxd3 26.Rxh5 Bg6 27.Rh4 Rf7 28.Ne4 Bxe4 29.Rxg7+ Rxg7
30.Qxh6+ Kg8 31.fxe4 Re8 32.Qh8+ Kf7 33.Rf4+ Kg6 34.Qh4 Qxa4 35.Rg4+ Kf7
36.Qh5+ Kg8 37.Rxg7+ Kxg7 38.Qg5+ Kf7 39.Qf5+ Kg7 40.Qg5+  1/2-1/2

[Event "t-EuCh U18"]
[Site "Balatonlelle HUN"]
[Date "2000.07.12"]
[Round "4"]
[White "Sebe,R"]
[Black "Djukic,Ni"]
[Result "1-0"]
[WhiteElo "2303"]
[BlackElo "2332"]

1.e4 c5 2.Nf3 Nc6 3.Bb5 e6 4.Bxc6 bxc6 5.b3 Ne7 6.e5 Ng6 7.O-O Be7 8.Nc3 f6
9.exf6 Bxf6 10.Rb1 O-O 11.Ne4 Be7 12.d4 cxd4 13.Qxd4 d5 14.Bb2 Rf7 15.Rfd1 Bd7
16.Nc5 e5 17.Qc3 Bg4 18.Nd3 Bxf3 19.gxf3 Qc8 20.Nxe5 Bf6 21.Qe3 Bxe5 22.Bxe5 Nxe5
23.Qxe5 Rxf3 24.Rd4 Qh3 25.Rf4 Rxf4 26.Qxf4 Rf8 27.Qg3 Qf5 28.Re1 h5 29.Re7 Qf6
30.Re2 Qd4 31.Qe5 Qg4+ 32.Kf1 Qf3 33.Ke1 Kh7 34.Kd2 h4 35.Qe3 Rf7 36.a4 a5
37.Qd3+ Qxd3+ 38.Kxd3 Rf3+ 39.Kd4 Rh3 40.f4 Rf3 41.Kc5 Rc3+ 42.Kb6 d4 43.Rd2 d3
44.Rxd3 Rxc2 45.Rh3 Kg6 46.Rxh4 Rb2 47.Rh3 Kf5 48.Kxa5 Kg4 49.Rc3 Kxf4 50.Kb6 g5
51.a5 Rxh2 52.a6 g4 53.a7 Rh8 54.Rxc6 g3 55.Rg6 Kf3 56.b4 g2 57.Rxg2 Kxg2
58.b5  1-0

[Event "29th ch-GRE Team"]
[Site "Athens GRE"]
[Date "2000.07.13"]
[Round "8"]
[White "Souleidis,G"]
[Black "Nikolaidis,K"]
[Result "1/2-1/2"]
[WhiteElo "2406"]
[BlackElo "2327"]

1.e4 c5 2.Nf3 Nc6 3.Bb5 g6 4.Bxc6 dxc6 5.d3 Bg7 6.Nc3 e5 7.Be3 Qe7 8.h3 Nf6
9.Qd2 O-O 10.O-O Ne8 11.Bh6 Nc7 12.Bxg7 Kxg7 13.Ne2 f6 14.Nh2 Nb5 15.f4 exf4
16.Nxf4 Bd7 17.Rae1 Rae8 18.Qf2 b6 19.Nf3 Qd6 20.Qg3 Kg8 21.Nd2 Nd4 22.Nc4 Qe7
23.c3 Ne6 24.a3 Nxf4 25.Qxf4 Be6 26.Ne3 Bc8 27.Nc4 Be6 28.Ne3 Bc8 29.Nc4 Be6
30.Ne3  1/2-1/2

[Event "t-EuCh U18 Girls"]
[Site "Balatonlelle HUN"]
[Date "2000.07.13"]
[Round "5"]
[White "Savic,Ma"]
[Black "Chorvatova,E"]
[Result "1/2-1/2"]
[WhiteElo "2039"]
[BlackElo "2077"]

1.e4 c5 2.Nf3 Nc6 3.Bb5 g6 4.Bxc6 bxc6 5.O-O Bg7 6.c3 e5 7.d3 d6 8.Re1 f6
9.Be3 Nh6 10.h3 Nf7 11.d4 cxd4 12.cxd4 exd4 13.Nxd4 Qd7 14.Nc3 O-O 15.Qa4 c5
16.Qxd7 Bxd7 17.Nde2 Rab8 18.b3 f5 19.Rad1 Be6 20.exf5 Bxf5 21.Nd5 Rfe8 22.Bf4 Rbd8
23.Ng3 Bc2 24.Rxe8+ Rxe8 25.Rd2 Re1+ 26.Kh2 Bb1 27.Ne2 Be4 28.Nec3 Bxd5 29.Nxd5 Bd4
30.Nc7 Bc3 31.Rd3 Bd4 32.Rd2 Bc3 33.Rc2 Be5 34.Bxe5 Rxe5 35.Rd2 Re7 36.Nd5 Re6
37.f4 Kf8 38.g4 Re1 39.Kg2 h6 40.Kf2 Rc1  1/2-1/2

[Event "Golden Cleopatra Open"]
[Site "Cairo EGY"]
[Date "2000.07.14"]
[Round "4"]
[White "Hassan,Say"]
[Black "Ghonimy,S"]
[Result "1-0"]
[WhiteElo "2397"]
[BlackElo "2262"]

1.e4 c5 2.Nf3 Nc6 3.Bb5 g6 4.O-O Bg7 5.Re1 e5 6.c3 Nge7 7.b4 cxb4 8.cxb4 Nxb4
9.Ba3 a5 10.Qa4 Nec6 11.Nc3 Bf8 12.Nd5 f6 13.d4 exd4 14.e5 f5 15.Nxb4 axb4
16.Qxa8 bxa3 17.e6 dxe6 18.Bxc6+ bxc6 19.Nxd4 Bg7 20.Nxc6 Qc7 21.Rxe6+ Kf7
22.Re7+ Qxe7 23.Nxe7 Be6 24.Qxa3 Bxa1 25.Qa7 Rd8 26.Nc6+ Rd7 27.Qa4 Rc7 28.h3 Bf6
29.Nd4 Bc4 30.Nf3 Be6 31.a3 h6 32.h4 Kg7 33.Qa5 Rd7 34.Qc5 Bf7 35.Qb4 Re7
36.Qc5 Re4 37.g3 Re7 38.Qb4 h5 39.Qb6 Be8 40.Ng5 Bxg5 41.hxg5 Re4 42.f3 Ra4
43.Qb2+ Kg8 44.Kf2 Bf7 45.Ke2 Rc4 46.Kd2 Ra4 47.Qb8+ Kg7 48.Qd6 Kg8 49.Kc3 Kg7
50.Kb2 Kg8 51.Qd8+ Kg7 52.Qd7 Rc4 53.a4 Rb4+ 54.Kc2 Rc4+ 55.Kd2 f4 56.gxf4 Rxf4
57.a5 Rf5 58.Qd4+ Kh7 59.a6 Bd5 60.f4 Bg2 61.Ke3 h4 62.Qd7+ Kg8  1-0

[Event "t-EuCh U18"]
[Site "Balatonlelle HUN"]
[Date "2000.07.15"]
[Round "7"]
[White "Langheinrich,F"]
[Black "Sebenik,M"]
[Result "1-0"]
[WhiteElo "2384"]
[BlackElo "2287"]

1.e4 c5 2.Nf3 Nc6 3.Bb5 e6 4.Bxc6 bxc6 5.d3 Ne7 6.h4 h5 7.Qe2 d6 8.e5 d5
9.c4 Nf5 10.Bg5 f6 11.Bf4 Nd4 12.Nxd4 cxd4 13.Nd2 Bb4 14.O-O Bxd2 15.Bxd2 dxc4
16.Qe4 Qd7 17.Bb4 Bb7 18.Bc5 cxd3 19.Qg6+ Qf7 20.Qxd3 fxe5 21.Rae1 O-O-O
22.Rxe5 Kb8 23.Rfe1 Rh6 24.R1e4 Rd5 25.Rxd4 Rg6 26.Bd6+ Ka8 27.Rdxd5 cxd5
28.Re1 d4 29.Bg3 Rg4 30.Qb5 a6 31.Qe5 Qe8 32.Qd6 Rg6 33.Qxd4 Qc6 34.Qd8+ Qc8
35.Qd6 Ka7 36.Kh2 Qc6 37.Qd4+ Ka8 38.f3 Qd5 39.Qf4 Ka7 40.Bf2+ Ka8 41.Qf8+  1-0

[Event "2nd ShakkiNet IM"]
[Site "Helsinki FIN"]
[Date "2000.07.15"]
[Round "6"]
[White "Raaste,E"]
[Black "Gamback,B"]
[Result "1-0"]
[WhiteElo "2349"]
[BlackElo "2235"]

1.e4 c5 2.Nf3 Nc6 3.Bb5 Nd4 4.Nxd4 cxd4 5.O-O g6 6.Qe2 a6 7.Ba4 Bg7 8.c3 dxc3
9.dxc3 Qa5 10.Bb3 d6 11.Nd2 Nf6 12.Nc4 Qc7 13.e5 dxe5 14.Nxe5 O-O 15.Re1 e6
16.h3 b6 17.Bf4 Qb7 18.Rad1 h6 19.Rd2 Kh7 20.c4 Bd7 21.Red1 Be8 22.Bc2 Rc8
23.h4 Kg8 24.Qe3 Bc6 25.Bxh6 Bxg2 26.Bxg7 Kxg7 27.Qg5 Be4 28.Nd7 Rh8 29.Qxf6+ Kg8
30.Nc5 Rxh4 31.Rd8+  1-0

[Event "ch-Paris"]
[Site "Paris FRA"]
[Date "2000.07.15"]
[Round "1"]
[White "Sellos,D"]
[Black "Prost,F"]
[Result "1-0"]
[WhiteElo "2372"]
[BlackElo "2127"]

1.e4 c5 2.Nf3 Nc6 3.Bb5 g6 4.O-O Bg7 5.Re1 Nd4 6.Nxd4 cxd4 7.c3 a6 8.Bc4 Qc7
9.d3 e6 10.Bg5 d6 11.cxd4 Bxd4 12.Nc3 Qc5 13.Bh4 Bd7 14.Qd2 Bc6 15.Rac1 Qh5
16.Bg3 Rd8 17.Ne2 Bg7 18.d4 Bh6 19.Bf4 e5 20.Be3 Bxe3 21.Qxe3 Ne7 22.Ng3 Qh4
23.dxe5 dxe5 24.Qc3 Qf4 25.Re3 O-O 26.Rce1 Rc8 27.Rf3 Qg5 28.h4 Qxh4 29.Qxe5 Bd7
30.Bb3 Nc6 31.Qd6 Qe7 32.Qd2 Ne5 33.Rc3 Be6 34.Bd5 Rfd8 35.Rxc8 Rxc8 36.Nf1 Nc4
37.Qd4 Bxd5 38.Qxd5 Ne5 39.Rd1 Rc7 40.Qb3 Kg7 41.Ne3 Rd7 42.Nd5 Qc5 43.Qg3 f6
44.Qf4 Rf7 45.b3 Qd6 46.Qg3 Qe6 47.Rc1 Nc6 48.Qe3 Qe5 49.Rd1 Qb2 50.Rd2 Qc1+
51.Kh2 Ne5 52.f3 Rd7 53.Qe2 h5 54.Rc2 Qg5 55.Kg1 Nc6 56.Qf2 Qe5 57.Re2 Qd4
58.Qxd4 Nxd4 59.Rd2 Nc6 60.Kf2 Nb4 61.Ke3 Nxd5+ 62.exd5 Kf7 63.Kd4 Ke7 64.Re2+ Kf7
65.Kc5 g5 66.d6 Rd8 67.Re7+ Kg6 68.d7  1-0

[Event "ch-Paris"]
[Site "Paris FRA"]
[Date "2000.07.17"]
[Round "3"]
[White "Calistri,T"]
[Black "Chardin,T"]
[Result "1/2-1/2"]
[WhiteElo "2257"]
[BlackElo "2064"]

1.e4 c5 2.Nf3 Nc6 3.Bb5 Nf6 4.Qe2 a6 5.Bxc6 dxc6 6.d3 g6 7.a4 Bg7 8.a5 O-O
9.Nbd2 Bg4 10.Nc4 Qc7 11.h3 Be6 12.Nb6 Rad8 13.Ng5 Bc8 14.f4 Nh5 15.Qf3 h6  1/2-1/2

[Event "ch-Paris"]
[Site "Paris FRA"]
[Date "2000.07.17"]
[Round "3"]
[White "Sarthou,G"]
[Black "Bellaiche,A"]
[Result "1/2-1/2"]
[WhiteElo "2399"]
[BlackElo "2225"]

1.e4 c5 2.Nf3 Nc6 3.Bb5 Nf6 4.Bxc6 dxc6 5.d3 g6 6.b3 Bg7 7.Bb2 O-O 8.h3 b6
9.O-O a5 10.a4 Ba6 11.Qc1 h6 12.Nbd2 Ne8 13.Bxg7 Nxg7 14.Nc4 Kh7 15.Nce5 f6
16.Ng4 g5 17.Ne3 e5 18.h4 Bc8 19.hxg5 hxg5 20.Nh2 Kg6 21.f3 Rh8 22.g3 Rh3
23.Nhg4 Rxg3+ 24.Kf2 Rh3 25.Rh1 Bxg4 26.fxg4 Qh8 27.Kg2 Rxh1 28.Qxh1 Qh4
29.Qxh4 gxh4 30.Kh3 Kg5 31.Rf1 Rd8 32.Rf2 Rh8 33.Rf3 Ne6 34.Rf5+ Kg6 35.Ng2 Ng5+
36.Kh2 h3 37.Ne3 Rb8 38.Rf2 Rh8 39.Nf5 Rh7 40.Nd6 Rd7 41.Nc8 Rb7 42.Nd6 Rd7
43.Nc4 Rb7 44.Rf1 Rb8 45.Kg3 Rb7 46.Rh1 Rb8 47.Ra1 Rb7 48.Rf1 Rb8 49.Rf2 Rb7
50.Nd6 Rb8 51.Rf1 Rd8 52.Nf5 Re8 53.Rh1 Kh7 54.Nh4 Kg7 55.Rf1 Rd8 56.Rb1 Re8
57.Rh1 Rd8 58.Rf1 Kf7 59.Kh2 Ke6 60.Nf3 Nxf3+ 61.Rxf3 Rh8 62.Rf5 Rh4 63.g5 fxg5
64.Rxg5 Rh6 65.Rg7 Kd6 66.Rg3 c4 67.bxc4 Kc5 68.c3 b5 69.cxb5 cxb5 70.Rg5 Re6
71.d4+ Kb6 72.d5 Rf6 73.Rf5 Rg6 74.axb5 Kxb5 75.Rxe5 a4 76.Rf5 Kc4 77.Rf1 Kxc3
78.Rd1 Kc2 79.Ra1 Kb3  1/2-1/2

[Event "ch-Paris"]
[Site "Paris FRA"]
[Date "2000.07.18"]
[Round "4"]
[White "Simon,O"]
[Black "Calistri,T"]
[Result "1-0"]
[WhiteElo "2174"]
[BlackElo "2257"]

1.e4 c5 2.Nf3 Nc6 3.Bb5 g6 4.O-O Bg7 5.c3 Nf6 6.Re1 O-O 7.h3 e5 8.d4 cxd4
9.cxd4 exd4 10.e5 Nd5 11.Bg5 Qa5 12.a4 a6 13.Bf1 d6 14.exd6 Qb4 15.Nbd2 Qxd6
16.Ne4 Qb4 17.Qc1 Re8 18.Bd3 Bf5 19.g4 Bxe4 20.Bxe4 Qd6 21.Qc4 Ne3 22.Qd3 Nb4
23.Qb1 Ned5 24.Qd1 d3 25.Qb3 Nf6 26.Bxf6 Bxf6 27.Rad1 Red8 28.Kg2 Rac8 29.g5 Bg7
30.Re3 Nd5 31.Bxd5 Qxd5 32.Re8+  1-0

[Event "WIPRO GM"]
[Site "Hyderabad IND"]
[Date "2000.07.19"]
[Round "4"]
[White "Sorokin,M"]
[Black "Aarthie,R"]
[Result "1-0"]
[WhiteElo "2541"]
[BlackElo "2319"]

1.e4 c5 2.Nf3 Nc6 3.Bb5 e6 4.O-O Nge7 5.c3 a6 6.Ba4 b5 7.Bc2 Bb7 8.Qe2 Ng6
9.d4 cxd4 10.cxd4 Nh4 11.Rd1 Nxf3+ 12.Qxf3 Rc8 13.Nc3 Qf6 14.Qe3 d6 15.d5 Ne5
16.Qb6 Qe7 17.Bb3 Nc4 18.Bxc4 bxc4 19.Bg5 Qc7 20.Qb4 e5 21.Rac1 Be7 22.Bxe7 Kxe7
23.Na4 Rhd8 24.Nb6  1-0

[Event "ch-Paris"]
[Site "Paris FRA"]
[Date "2000.07.19"]
[Round "5"]
[White "Lukov,V"]
[Black "Lautier,J"]
[Result "1/2-1/2"]
[WhiteElo "2437"]
[BlackElo "2648"]

1.e4 c5 2.Nf3 Nc6 3.Bb5 g6 4.O-O Bg7 5.Re1 e5 6.Bxc6 dxc6 7.h3 Qe7 8.d3 Nf6
9.Be3 O-O 10.Qd2 Rd8 11.Qc3 Nd7 12.Nbd2 f6 13.a4 Bf8 14.a5 Nb8 15.Nb3 Na6
16.Nfd2 Be6 17.f4 exf4 18.Bxf4 Qf7 19.Rf1 c4 20.dxc4 Bb4 21.Qg3 Bxc4 22.Rf2 Bxb3
23.Nxb3 Qe6 24.Bd2 Rxd2 25.Nxd2 Bc5 26.Rf1 Kg7 27.Kh1 Bxf2 28.Qxf2 c5 29.Nb1 Rf8
30.Nc3 Qe5 31.Rd1  1/2-1/2

[Event "ch-Paris"]
[Site "Paris FRA"]
[Date "2000.07.19"]
[Round "5"]
[White "Baillon,O"]
[Black "Marcelin,C"]
[Result "1/2-1/2"]
[WhiteElo "2217"]
[BlackElo "2433"]

1.e4 c5 2.Nf3 Nc6 3.Bb5 e6 4.O-O Nge7 5.Re1 a6 6.Bxc6 Nxc6 7.d4 cxd4 8.Nxd4 Qc7
9.Nc3 Bd6 10.Nxc6 dxc6 11.Qg4 Bxh2+ 12.Kh1 Be5 13.f4 Bxc3 14.bxc3 O-O 15.c4 f6
16.c5 Qa5 17.Be3 Qa4 18.Qf3 f5 19.exf5 Qxc2 20.fxe6 Bxe6 21.Bd4 Qg6 22.Be5 Bd5
23.Qf2 Rf5 24.Re3 Rh5+ 25.Kg1 Qh6 26.Qg3 Rf8 27.Rae1 Rh1+ 28.Kf2 Rxe1 29.Kxe1 Bxa2
30.Bd6 Rd8 31.Re7 b5 32.Qe3 Qh5 33.Rxg7+ Kxg7 34.Qe7+ Kg6 35.Qxd8 Qd5 36.Qe8+ Kf5  1/2-1/2

[Event "ch-Paris"]
[Site "Paris FRA"]
[Date "2000.07.20"]
[Round "6"]
[White "Mourgues,J"]
[Black "Appleberry,M"]
[Result "1/2-1/2"]
[WhiteElo "2145"]
[BlackElo "2291"]

1.e4 c5 2.Nf3 Nc6 3.Bb5 Nf6 4.Bxc6 dxc6 5.d3 Bg4 6.O-O e5 7.Nbd2 Bd6 8.b3 Nd7
9.Nc4 Nf8 10.Ne3 Bh5 11.Nf5 Ne6  1/2-1/2

[Event "KB Czech Open"]
[Site "Pardubice CZE"]
[Date "2000.07.21"]
[Round "1"]
[White "Stocek,J"]
[Black "Prymula,R"]
[Result "1-0"]
[WhiteElo "2514"]
[BlackElo "2278"]

1.e4 c5 2.Nf3 Nc6 3.Bb5 g6 4.O-O Bg7 5.c3 Nf6 6.Re1 O-O 7.d4 Qb6 8.Bc4 cxd4
9.e5 Ne8 10.cxd4 Na5 11.Bd3 d5 12.Nc3 Qd8 13.h3 Nc7 14.Qe2 a6 15.Bd2 Ne6
16.Rac1 Rb8 17.b3 Nc6 18.Be3 Kh8 19.Bb1 f5 20.exf6 exf6 21.Qd2 Qd6 22.Bd3 Bd7
23.Na4 Rbe8 24.Nc5 Bc8 25.Nxe6 Bxe6 26.Bf4 Qd7 27.Bh6 Bf5 28.Bxg7+ Kxg7 29.Bxf5 Qxf5
30.b4 Re4 31.a4 Qd7 32.b5 axb5 33.axb5 Nd8 34.Rxe4 dxe4 35.Qf4 Qxb5 36.Qxe4 Rf7
37.d5 Rd7 38.Rd1 Kf7 39.h4 Qc5 40.h5 Qd6 41.Nh4 f5 42.Qe3 Qf6 43.Nf3 Re7
44.Qh6 Qg7 45.Qf4 Kg8 46.Qb8 Re8 47.Qc8 b5 48.d6 Qb7 49.d7 Rf8 50.hxg6 hxg6
51.Rd6  1-0

[Event "KB Czech Open"]
[Site "Pardubice CZE"]
[Date "2000.07.22"]
[Round "2"]
[White "Breder,D"]
[Black "Moroz,A"]
[Result "1-0"]
[WhiteElo "2336"]
[BlackElo "2515"]

1.e4 c5 2.Nf3 Nc6 3.Bb5 e6 4.Bxc6 bxc6 5.d3 Ne7 6.Qe2 Ng6 7.h4 h5 8.e5 Be7
9.Qe4 c4 10.dxc4 Rb8 11.b3 c5 12.Bb2 Bb7 13.Qe3 Nxh4 14.Nxh4 Bxh4 15.Nc3 Qg5
16.Qxc5 Bxg2 17.Rg1 Qg4 18.Ba3 Bg5 19.Rd1 h4 20.Rd4 Qf3 21.Ne4 Bd8 22.Nd6+ Kf8
23.Nf5+ Be7 24.Qxe7+ Kg8 25.Qf8+  1-0

[Event "ch-Paris"]
[Site "Paris FRA"]
[Date "2000.07.22"]
[Round "8"]
[White "Bernard,V"]
[Black "Berthelot,Y"]
[Result "1-0"]
[WhiteElo "2224"]
[BlackElo "2312"]

1.e4 c5 2.Nf3 Nc6 3.Bb5 e6 4.O-O Nge7 5.Re1 Ng6 6.c3 a6 7.Bf1 d5 8.d3 Be7
9.exd5 Qxd5 10.Qb3 Qxb3 11.axb3 e5 12.Nbd2 f6 13.Nc4 Bg4 14.Nfd2 O-O-O 15.g3 Kc7
16.f3 Bc8 17.Ne4 b5 18.Na5 Nxa5 19.Rxa5 Kb6 20.b4 cxb4 21.Be3+ Kc6 22.c4 bxc4
23.Rc1 Kb7 24.dxc4 f5 25.Nc5+ Bxc5 26.Bxc5 Rd2 27.Bxb4 Rxb2 28.Bc3 Rb3 29.c5 Kc6
30.Bxa6 Bxa6 31.Rxa6+ Kxc5 32.Bxe5+ Kb5 33.Re6 Re3 34.f4 Nxe5 35.fxe5 Re2
36.Re7 Kb6 37.Re6+ Kb5 38.Re7 Kb6 39.Rxg7 Ra8 40.Rxh7 Raa2 41.Rh6+ Kb5 42.Rf1 Rg2+
43.Kh1 Rge2 44.e6 Kc6 45.e7+ Kd7 46.Rh7 Kd6 47.Rd1+ Kc6 48.Rc1+ Kd6 49.Rf1 Rad2
50.Rb1 Kc6 51.Rc1+ Kd6 52.Rf1 Kc6 53.Rf2 Kd7 54.Rxe2 Rxe2 55.Kg1 f4 56.g4 f3
57.h3 Ke8 58.Kf1 Rg2 59.Rg7 Rh2 60.h4 Rxh4 61.Kf2 Rh3 62.g5 Rh2+ 63.Kxf3 Rh1
64.Kg4 Rh2 65.Kf5 Rh1 66.Kf6 Rf1+ 67.Kg6 Rh1 68.Rf7 Rg1 69.Rf4 Kxe7 70.Kh6 Rh1+
71.Kg7 Re1 72.g6 Re2  1-0

[Event "KB Czech Open"]
[Site "Pardubice CZE"]
[Date "2000.07.24"]
[Round "4"]
[White "Brodsky,M"]
[Black "Sandner,G"]
[Result "1-0"]
[WhiteElo "2532"]
[BlackElo "2333"]

1.e4 c5 2.Nf3 Nc6 3.Bb5 g6 4.Bxc6 bxc6 5.O-O Bg7 6.Re1 Nh6 7.c3 O-O 8.d4 cxd4
9.cxd4 f6 10.h3 d6 11.Nc3 Nf7 12.b3 Qa5 13.Bb2 Rb8 14.Qc2 Re8 15.Ne2 Bd7
16.Bc3 Qb5 17.Rad1 Rbc8 18.a4 Qb7 19.Nd2 e5 20.Nc1 exd4 21.Bxd4 Re6 22.Ne2 Rce8
23.Bc3 d5 24.Nf4 R6e7 25.Nd3 dxe4 26.Nc5 Qc7 27.Nxd7 Qxd7 28.Nxe4 Qf5 29.f3 Ng5
30.Bb4 Re6 31.Qc4 Nf7 32.Bc3 Kf8 33.Kh1 Bh6 34.Qd4 Kg7 35.Qxa7 Bf4 36.Rd7  1-0

[Event "MTO Open"]
[Site "Biel SUI"]
[Date "2000.07.25"]
[Round "2"]
[White "Pikula,D"]
[Black "Saravanan,V"]
[Result "1-0"]
[WhiteElo "2503"]
[BlackElo "2412"]

1.e4 c5 2.Nf3 Nc6 3.Bb5 d6 4.O-O Bd7 5.Re1 Nf6 6.c3 a6 7.Bf1 e5 8.h3 g6 9.d4 Bg7
10.Bg5 cxd4 11.cxd4 h6 12.Bh4 O-O 13.d5 Nd4 14.Nxd4 exd4 15.Nd2 Re8 16.a4 b5
17.a5 Rc8 18.Bd3 Qc7 19.f4 Qb7 20.Qf3 Nh7 21.Bg3 f5 22.Bh4 fxe4 23.Bxe4 Bf5
24.Qb3 Qf7 25.Re2 d3 26.Qxd3 Bxb2 27.Rae1 Bg7 28.Bxf5 gxf5 29.Re7 Rxe7 30.Rxe7 Rc3
31.Qe2 Qxd5 32.Qh5 Nf8 33.Ne4 Qd4+ 34.Bf2 Rc1+ 35.Kh2 Qa1 36.Qxf5 Rh1+ 37.Kg3 Kh8
38.Re8 Qa3+ 39.Kh4  1-0

[Event "ch-HUN Women"]
[Site "Budapest HUN"]
[Date "2000.07.25"]
[Round "5"]
[White "Kiss,Fern"]
[Black "Madl,I"]
[Result "0-1"]
[WhiteElo "2238"]
[BlackElo "2418"]

1.e4 c5 2.Nf3 Nc6 3.Bb5 d6 4.O-O Bd7 5.c3 a6 6.Bxc6 Bxc6 7.Re1 Nf6 8.d4 Bxe4
9.Bg5 Bd5 10.Nbd2 e6 11.c4 Bxf3 12.Qxf3 cxd4 13.Qxb7 Be7 14.Nf3 Qc8 15.Qb6 Qxc4
16.Rac1 Qd5 17.Qxd4 Qxd4 18.Nxd4 Kd7 19.Nc6 Rhc8 20.Nxe7 Kxe7 21.Kf1 h6 22.Bxf6+ Kxf6
23.Ke2 e5 24.h4 h5 25.Kd3 Rab8 26.Rxc8 Rxc8 27.Re4 Rb8 28.b3 Ke6 29.Ra4 Rb6
30.Rc4 Kd7 31.b4 d5 32.Rc5 Rb5 33.f4 Rxc5 34.bxc5 f6  0-1

[Event "Open"]
[Site "Dieren NED"]
[Date "2000.07.26"]
[Round "8"]
[White "Jens,J"]
[Black "Veerman,J"]
[Result "1/2-1/2"]
[WhiteElo "2280"]
[BlackElo "2168"]

1.e4 c5 2.Nf3 Nc6 3.Bb5 d6 4.O-O Bd7 5.Re1 Nf6 6.c3 a6 7.Bf1 g6 8.h3 Bg7
9.d4 cxd4 10.cxd4 O-O 11.Nc3 b5 12.a3 Rc8 13.Bg5 h6 14.Bh4 Na5 15.e5 dxe5
16.dxe5 Nh7 17.Qe2 g5 18.Bg3 Be6 19.Rad1 Qb6 20.Nd4 Bc4 21.Qg4 Bxf1 22.Kxf1 Rc4
23.Nd5 Qa7 24.Ne3 Ra4 25.b4 Nc4 26.Nxc4 bxc4 27.Qf3 e6 28.Nc6 Qb7 29.Rc1 g4
30.Qe4 Ng5 31.Qxc4 gxh3 32.Re3 a5 33.f4 Nh7 34.f5 hxg2+ 35.Kxg2 axb4 36.f6 Rfa8
37.axb4 Bf8 38.Be1 Ng5 39.Kg3 Ra3 40.Rxa3 Rxa3+ 41.Rc3 Ra1 42.Bf2 Rb1 43.Rd3 Rxb4
44.Nxb4 Qh1 45.Qh4 Ne4+ 46.Kf4 Qg2 47.Rd8 Ng5 48.Rxf8+ Kxf8 49.Qxh6+ Ke8
50.Qxg5 Qxf2+ 51.Ke4 Qe1+ 52.Kd3 Qxb4 53.Qg8+ Qf8 54.Qxf8+ Kxf8 55.Kc4 Ke8
56.Kc5 Kd7 57.Kb6 Kd8 58.Kc6 Kc8 59.Kd6  1/2-1/2

[Event "Open"]
[Site "Dieren NED"]
[Date "2000.07.26"]
[Round "8"]
[White "Vedder,R"]
[Black "Verwoert,J"]
[Result "1-0"]
[WhiteElo "2218"]
[BlackElo "2106"]

1.e4 c5 2.Nf3 Nc6 3.Bb5 d6 4.O-O Bd7 5.c3 Nf6 6.Re1 e6 7.d4 cxd4 8.cxd4 Be7
9.Nc3 O-O 10.Bf4 a6 11.Bf1 Qa5 12.d5 Na7 13.dxe6 Bxe6 14.Qd2 Rfd8 15.Nd5 Qxd2
16.Nxe7+ Kf8 17.Nxd2 Kxe7 18.Nc4 Bxc4 19.Bxc4 Rac8 20.Bb3 Nc6 21.Be3 Ne5
22.Bb6 Re8 23.Bd4 Nd3 24.Re3 Nc5 25.Bc2 Ne6 26.Bc3 Nc7 27.a4 Kf8 28.Rd1 d5
29.e5 d4 30.Bxd4 Ncd5 31.Re2 Nd7 32.Bf5 Rc7 33.Bxd7 Rxd7 34.Bc5+ Kg8 35.Red2 Red8
36.f4 Nb6 37.Rxd7 Rxd7 38.Rxd7 Nxd7 39.Bd4 Kf8 40.Kf2 Ke7 41.g4 Ke6 42.Ke3 Kd5
43.e6 Kxe6 44.Bxg7 f6 45.Kd4 Kf7 46.Bh6 Ke6 47.f5+ Kd6 48.Bf4+ Kc6 49.h4 Nb6
50.g5 fxg5 51.hxg5 Nxa4 52.g6 hxg6 53.fxg6 Nc5 54.Ke5 Nd7+ 55.Kf5  1-0

[Event "15th Open"]
[Site "Avoine FRA"]
[Date "2000.07.27"]
[Round "6"]
[White "Nevednichy,V"]
[Black "Tirard,H"]
[Result "1-0"]
[WhiteElo "2582"]
[BlackElo "2399"]

1.e4 c5 2.Nf3 Nc6 3.Bb5 g6 4.Bxc6 dxc6 5.d3 Bg7 6.h3 Nf6 7.Nc3 b6 8.Be3 Nd7
9.Qd2 h6 10.O-O e5 11.a3 a5 12.Ne2 a4 13.c3 Nf8 14.d4 cxd4 15.cxd4 exd4 16.Bxd4 Bxd4
17.Nexd4 c5 18.Qf4 Ne6 19.Nxe6 Bxe6 20.Rfd1 Qe7 21.Rd6 b5 22.Rb6 g5 23.Rb8+ Kd7
24.Qd2+ Kc6 25.Ne5+  1-0